|
|
|
|
| LEADER |
01879nam a2200421 i 4500 |
| 001 |
EBC5183194 |
| 003 |
MiAaPQ |
| 005 |
20200520144314.0 |
| 006 |
m o d | |
| 007 |
cr cnu|||||||| |
| 008 |
180110t20032003gw a o 001 0 ger d |
| 020 |
|
|
|z 9783486566420
|
| 020 |
|
|
|a 9783486594508 (e-book)
|
| 035 |
|
|
|a (MiAaPQ)EBC5183194
|
| 035 |
|
|
|a (Au-PeEL)EBL5183194
|
| 035 |
|
|
|a (CaPaEBR)ebr11480723
|
| 035 |
|
|
|a (OCoLC)1015873246
|
| 040 |
|
|
|a MiAaPQ
|b eng
|e rda
|e pn
|c MiAaPQ
|d MiAaPQ
|
| 050 |
|
4 |
|a HX806
|b .U867 2003
|
| 082 |
0 |
|
|a 335.02
|2 23
|
| 245 |
0 |
0 |
|a Utopie und politische Herrschaft im Europa der Zwischenkriegszeit /
|c herausgegeben von Wolfgang Hardtwig ; unter Mitarbeit von Philip Cassier.
|
| 264 |
|
1 |
|a Munchen, [Germany] :
|b R. Oldenbourg Verlag,
|c 2003.
|
| 264 |
|
4 |
|c 2003
|
| 300 |
|
|
|a 1 online resource (370 pages) :
|b illustrations.
|
| 336 |
|
|
|a text
|2 rdacontent
|
| 337 |
|
|
|a computer
|2 rdamedia
|
| 338 |
|
|
|a online resource
|2 rdacarrier
|
| 490 |
0 |
|
|a Schriften des Historischen Kollegs. Kolloquien ;
|v 56
|
| 500 |
|
|
|a Includes indexes.
|
| 588 |
|
|
|a Description based on online resource; title from PDF title page (EBC, viewed January 10, 2018).
|
| 590 |
|
|
|a Electronic reproduction. Ann Arbor, MI : ProQuest, 2016. Available via World Wide Web. Access may be limited to ProQuest affiliated libraries.
|
| 650 |
|
0 |
|a Utopia
|x Politics and government.
|
| 655 |
|
4 |
|a Electronic books.
|
| 700 |
1 |
|
|a Hardtwig, Wolfgang,
|e editor.
|
| 700 |
1 |
|
|a Cassier, Philip,
|e contributor.
|
| 776 |
0 |
8 |
|i Print version:
|t Utopie und politische Herrschaft im Europa der Zwischenkriegszeit.
|d Munchen, [Germany] : R. Oldenbourg Verlag, c2003
|h vi, 356 pages
|k Schriften des Historischen Kollegs. Kolloquien ; 56
|z 9783486566420
|
| 797 |
2 |
|
|a ProQuest (Firm)
|
| 856 |
4 |
0 |
|u https://ebookcentral.proquest.com/lib/matrademy/detail.action?docID=5183194
|z Click to View
|